|
|
|
|
| LEADER |
00000cam a2200000 7i4500 |
| 001 |
0000087328 |
| 005 |
20230125123202.0 |
| 008 |
220125 |
| 020 |
|
|
|a 9781786178978
|
| 041 |
0 |
|
|a English
|
| 090 |
0 |
0 |
|a JF
|b TRA ENG
|
| 100 |
1 |
|
|a Johnson, Amy
|
| 245 |
1 |
0 |
|a Busy machines
|c Amy Johnson
|
| 260 |
|
|
|a United Kingdom :
|b Miles Kelly Publishing Ltd. ,
|c 2019
|
| 300 |
|
|
|a 96 p. :
|b ill., col. ;
|c 26.6 cm.
|
| 500 |
|
|
|a Children ages 7-9 years old (orange)
|
| 541 |
0 |
|
|c Purchased on 2021
|f 2021/11-23 SPI
|h RM75.40
|
| 650 |
|
0 |
|a Transportation
|x Juvenile literature
|
| 700 |
1 |
|
|a Title
|
| 999 |
|
|
|a 0001671130
|b Book
|c Children Collection
|e Cawangan Pontian
|
| 999 |
|
|
|a 0001671131
|b Book
|c Children Collection
|e Cawangan Sri Merlong
|
| 999 |
|
|
|a 0001671132
|b Book
|c Children Collection
|e Cawangan Muar
|
| 999 |
|
|
|a 0001671133
|b Book
|c Children Collection
|e Cawangan Taman Universiti
|
| 999 |
|
|
|a 0001671134
|b Book
|c Children Collection
|e Cawangan Bandar Penawar
|
| 999 |
|
|
|a 0001671135
|b Book
|c Children Collection
|e Cawangan Tangkak
|
| 999 |
|
|
|a 0001671136
|b Book
|c Children Collection
|e Cawangan Tmn. Ungku Tun Aminah
|
| 999 |
|
|
|a 0001671137
|b Book
|c Children Collection
|e Cawangan Batu Pahat
|
| 999 |
|
|
|a 0001671138
|b Book
|c Children Collection
|e Cawangan Segamat
|
| 999 |
|
|
|a 0001671139
|b Book
|c Children Collection
|e Cawangan Mersing
|
| 999 |
|
|
|a 0001671140
|b Book
|c Children Collection
|e Cawangan Bukit Gambir
|
| 999 |
|
|
|a 0001671141
|b Book
|c Children Collection
|e Cawangan Kota Tinggi
|
| 999 |
|
|
|a 0001671142
|b Book
|c Children Collection
|e Cawangan Bandar Tenggara
|
| 999 |
|
|
|a 0001671143
|b Book
|c Children Collection
|e Cawangan Taman Sri Lambak
|
| 999 |
|
|
|a 0001671252
|b Book
|c Children Collection
|e Cawangan Urban Transformation Centre
|
| 999 |
|
|
|a 0001671253
|b Book
|c Children Collection
|e Cawangan AEON Kulaijaya
|